000
00294nam a2200121Ia 4500
008
240624s9999 xx 000 0 und d
041
_a
eng
082
_a
658.8 LEV
100
_a
LEVITT THEODORE M
245
_a
MARKETING IMAGINATION
260
_c
1986
_a
New York
_b
Free Press
300
_a
238 : p.
999
_c
17097
_d
17097